<?xml version="1.0" encoding="UTF-8"?><OAI-PMH xmlns="http://www.openarchives.org/OAI/2.0/" xmlns:xsi="http://www.w3.org/2001/XMLSchema-instance"     xsi:schemaLocation="http://www.openarchives.org/OAI/2.0/ http://www.openarchives.org/OAI/2.0/OAI-PMH.xsd"><responseDate>2026-04-14T17:01:44Z</responseDate><request verb="GetRecord" identifier="oai:regmurcia.com:fintegr.5495" metadataPrefix="marc21">http://oai.regmurcia.com/oai2/oai2.php</request><GetRecord><record><header><identifier>oai:regmurcia.com:fintegr.5495</identifier><datestamp>2026-04-14</datestamp><setSpec>documentos</setSpec></header><metadata><record  xmlns="http://www.loc.gov/MARC21/slim" xmlns:xsi="http://www.w3.org/2001/XMLSchema-instance" xsi:schemaLocation="http://www.loc.gov/MARC21/slim http://www.loc.gov/standards/marcxml/schema/MARC21slim.xsd" type="Bibliographic"><leader>00000nam a2200000   4500</leader><controlfield tag="001" >004970482</controlfield><controlfield tag="003" >5495</controlfield><controlfield tag="004" >A00000000</controlfield><datafield tag="245" ind1=" " ind2=" "><subfield code="a">Real Provisión de Felipe V por la que se ordena el cobro de los débitos atrasados en la provincia de Murcia de ventas de jurisdicciones, tolerancias, rentas y oficios perpetuos.</subfield></datafield><datafield tag="300" ind1=" " ind2=" "><subfield code="a">11 páginas</subfield></datafield><datafield tag="351" ind1=" " ind2=" "><subfield code="a">Unidad documental simple</subfield><subfield code="c">Archivo de Murcia. Array</subfield><subfield code="a">Unidad documental simple</subfield><subfield code="c">Archivo de Murcia. Array</subfield></datafield><datafield tag="351" ind1=" " ind2=" "><subfield code="b">Nº84</subfield></datafield><datafield tag="520" ind1=" " ind2=" "><subfield code="a">Carlos de Sangil, subteniente general de las rentas, la justicia y corregidor de Murcia han de proceder al cobro de todos los débitos haciendo las diligencias necesarias para que la Real Hacienda reciba las cantidades en que es acreedora. De las jurisdicciones, menos la de Fortuna, no incorporadas al Real Patrimonio se ordena que se tome su posesión y se saquen a pregón para su venta. En cuanto a los débitos de los oficios perpetuos se manda que se cobre de ellos notificando a las partes que los posean que acudan al Consejo de Hacienda donde se les oirá, y mientras tanto se embarguen y administren como bienes propios de la Real Hacienda. Y que lo cobrado se remita a las arcas del Real Tesoro.</subfield></datafield><datafield tag="535" ind1=" " ind2=" "><subfield code="a">Archivo Municipal de Murcia</subfield></datafield><datafield tag="583" ind1=" " ind2=" "><subfield code="u">http://www.regmurcia.com/servlet/s.Sl?METHOD=VERDOCUMENTO&amp;sit=serv,Carmesi&amp;n=/01/402/indice.djvu</subfield></datafield><datafield tag="592" ind1=" " ind2=" "><subfield code="a">1705-10-30 Madrid</subfield></datafield><datafield tag="592" ind1=" " ind2=" "><subfield code="d">1705-12-31 00:00:00</subfield></datafield><datafield tag="786" ind1=" " ind2=" "><subfield code="o">http://www.regmurcia.com/servlet/s.Sl?METHOD=VERDOCUMENTO&amp;sit=serv,Carmesi&amp;n=/01/402/indice.djvu</subfield></datafield><datafield tag="856" ind1=" " ind2=" "><subfield code="u">http://www.regmurcia.com/servlet/s.Sl?METHOD=DETALLE&amp;sit=c,373,m,139,serv,Carmesi&amp;id=5495</subfield></datafield></record></metadata></record></GetRecord></OAI-PMH>
